ARRUPE JESUIT UNIVERSITY

CORONAVIRUS -STOP THE SPREAD - CLEAN,DISINFECT,COVER

Spirit within structure : (Record no. 123725)

MARC details
000 -LEADER
fixed length control field 01017cam a2200277 a 4500
001 - CONTROL NUMBER
control field 1389547
003 - CONTROL NUMBER IDENTIFIER
control field ARRUPE
005 - DATE AND TIME OF LATEST TRANSACTION
control field 20151104094900.0
008 - FIXED-LENGTH DATA ELEMENTS--GENERAL INFORMATION
fixed length control field 821221s1983 pauc b 010 0 eng
010 ## - LIBRARY OF CONGRESS CONTROL NUMBER
LC control number 82024614
020 ## - INTERNATIONAL STANDARD BOOK NUMBER
International Standard Book Number 0915138530 (pbk.)
040 ## - CATALOGING SOURCE
Original cataloging agency DLC
Transcribing agency DLC
Modifying agency DLC
-- OCoLC
050 00 - LIBRARY OF CONGRESS CALL NUMBER
Classification number BR50
Item number .S675 1983
082 00 - DEWEY DECIMAL CLASSIFICATION NUMBER
Classification number 230
Edition number 19
300 ## - PHYSICAL DESCRIPTION
Other physical details port. ;
Dimensions 22 cm.
245 00 - TITLE STATEMENT
Title Spirit within structure :
Remainder of title essays in honor of George Johnston on the occasion of his seventieth birthday /
Statement of responsibility, etc edited by E.J. Furcha.
260 ## - PUBLICATION, DISTRIBUTION, ETC. (IMPRINT)
Place of publication, distribution, etc Allison Park, Pa. :
Name of publisher, distributor, etc Pickwick Publications,
Date of publication, distribution, etc 1983.
300 ## - PHYSICAL DESCRIPTION
Extent xvi, 199 p. :
440 #0 - SERIES STATEMENT/ADDED ENTRY--TITLE
Title Pittsburgh theological monographs ;
Volume number/sequential designation new ser. 3
9 (RLIN) 20879
504 ## - BIBLIOGRAPHY, ETC. NOTE
Bibliography, etc Includes bibliographical references.
600 10 - SUBJECT ADDED ENTRY--PERSONAL NAME
Personal name Johnston, George,
Dates associated with a name 1913-1997.
9 (RLIN) 20880
650 #0 - SUBJECT ADDED ENTRY--TOPICAL TERM
Topical term or geographic name as entry element Theology.
General subdivision Addresses, essays, lectures
9 (RLIN) 20881
700 1# - ADDED ENTRY--PERSONAL NAME
Personal name Furcha, Edward J.
9 (RLIN) 20882
700 1# - ADDED ENTRY--PERSONAL NAME
Personal name Johnston, George,
Dates associated with a name 1913-1997.
9 (RLIN) 20880
906 ## - LOCAL DATA ELEMENT F, LDF (RLIN)
a 7
b cbc
c orignew
d 1
e ocip
f 19
g y-gencatlg
942 ## - ADDED ENTRY ELEMENTS (KOHA)
Source of classification or shelving scheme Library of Congress Classification
Koha item type Monograph ( Printed materials)
Holdings
Withdrawn status Lost status Source of classification or shelving scheme Damaged status Not for loan Collection code Home library Current library Shelving location Date acquired Total Checkouts Full call number Barcode Date last seen Date checked out Price effective from Koha item type
    Library of Congress Classification     Main Collection ARRUPE LIBRARY ARRUPE LIBRARY Main Collection 04/11/2015 1 BR50 .S675 1983 46500005362 15/11/2016 08/10/2016 04/11/2015 Monograph ( Printed materials)

 

Arrupe Library. PO Box MP320 Mt Pleasant, Harare, Zimbabwe
263 242 745411|librarian@aju.ac.zw